| 000 | 00810nam a22002177a 4500 | ||
|---|---|---|---|
| 999 |
_c13563 _d13563 |
||
| 003 | AR-CdUCM | ||
| 008 | 190415b ||||| |||| 00| 0 spa d | ||
| 040 |
_aMUNICIPALIDAD PROVINCIAL DEL CUSCO _cBIBLIOTECA MUNICIPAL DEL CUSCO |
||
| 082 |
_a985.613 / _bG96 |
||
| 100 |
_aGutierrez Samanez, Julio Antonio _922309 |
||
| 245 | _aBreve historia del Distrito de Santiago de Cusco / | ||
| 260 |
_aCusco : _bGutierrez Samanez, _c2006. |
||
| 300 |
_a136 páginas ; _bFotografías, ilustraciones, _c20 cm. |
||
| 505 | _aContenido: Santiago en el periodo pre Inca -- Santiago, periodo colonial -- Época republicana... | ||
| 650 |
_aSantiago _932024 |
||
| 650 |
_aCusco _9772 |
||
| 650 |
_aHistoria _9136 |
||
| 710 |
_aMunicipalidad distrital de Santiago _932025 |
||
| 942 |
_2ddc _cLIBROS |
||
| 945 |
_adavv _d15/04/2019 |
||